Union-state relations in India (Record no. 423945)

000 -LEADER
fixed length control field 00420cam a22001457a 4500
008 - FIXED-LENGTH DATA ELEMENTS--GENERAL INFORMATION
fixed length control field 180718b1960 xxu||||| |||| 00| 0 eng d
082 ## - DEWEY DECIMAL CLASSIFICATION NUMBER
Classification number C43x54 Sa59
100 ## - MAIN ENTRY--PERSONAL NAME
Personal name Santhanam, K.
245 ## - TITLE STATEMENT
Title Union-state relations in India
Statement of responsibility, etc. by K. Santhanam
260 ## - PUBLICATION, DISTRIBUTION, ETC.
Place of publication, distribution, etc. Bombay
Name of publisher, distributor, etc. Asia
Date of publication, distribution, etc. 1960
300 ## - PHYSICAL DESCRIPTION
Extent viii, 71p
650 ## - SUBJECT ADDED ENTRY--TOPICAL TERM
Topical term or geographic name entry element Legislative power --India.
650 ## - SUBJECT ADDED ENTRY--TOPICAL TERM
Topical term or geographic name entry element State governments --India
650 ## - SUBJECT ADDED ENTRY--TOPICAL TERM
Topical term or geographic name entry element Federal government --India
Holdings
Withdrawn status Lost status Damaged status Not for loan Permanent Location Current Location Date acquired Full call number Barcode Date last seen Price effective from Koha item type
        Indian Institute of Public Administration Indian Institute of Public Administration 2009-09-11 C43x54 Sa59 24138 2018-07-21 2018-07-21 Book

Powered by Koha